000 00263nam a22001097a 4500
008 170120b xxu||||| |||| 00| 0 eng d
020 _a9780781759694
041 _aeng
080 _a618.2
245 _aUNDERSTADING THE NURSING PROCESS
_cMOYET, J.C
942 _2udc
_cBK
999 _c3263
_d3263